000 01835nam a2200301 4500
001 0000017572
003 CO-CtgCURN
005 20250512225804.0
007 ta
008 160627s2003 000 0 eng d
020 _a9586905756
040 _aCO-CtgCURN
_bspa
_ccoctgcurn
082 0 _a344.01
_bG83t
100 1 _aGuerrero Figueroa, Guillermo.
245 1 0 _aTeoria general del derecho laboral /
_cGuillermo Guerrero Figueroa.
250 _a6a. ed. Ampliada y actualizada.
260 _aBogotá :
_bLeyer Editorial,
_c2003.
300 _axii, 639 p.
336 _2rdacontent
337 _2rdamedia
_asin mediacion
_bn
338 _2rdacarrier
_avolumen
_bnc
500 _aIncluye indice.
505 8 _aEvolucion historico-juridico del trabajo.--El trabajo y su reglamentacion en los pueblos de America Precolombina.--El trabajo en la America Hispanica y en Colombia.--Las leyes de Indias y el derecho del trabajo.--Doctrinas sociales en la formacion del derecho laboral.--Otros acontecimientos en la formacion del derecho laboral.--Cartas, declaraciones y conferencias internacionales en la formacion del derecho del trabajo.--El movimiento sindical en Colombia.--El derecho del trabajo en relacion con el estado social de derecho, con la democracia y con los derechos humanos.--Fuentes del derecho del trabajo.--Fuentes internas de origen estatal.--Las fuentes del derecho laboral de origen externo.--La interpretacion de las normas laborales.--Principios fundamentales minimos en la constitucion nacional para proteger al trabajador por cuenta ajena.--Principios fundamentales de las relaciones colectivas laborales en la constitucion nacional
650 1 4 _aDerecho laboral.
908 _a160627
942 _cBK
_h344.01
_iG83t
_2ddc
_n0
999 _c19591
_d19591